EL NUEVO PUEBLO DE DIOS : (Registro nro. 45434)
[ vista simple ]
| 000 -LEADER | |
|---|---|
| fixed length control field | 00466nam a2200169 a 4500 |
| 001 - CONTROL NUMBER | |
| control field | 45434 |
| 005 - DATE AND TIME OF LATEST TRANSACTION | |
| control field | 20180714024626.0 |
| 008 - FIXED-LENGTH DATA ELEMENTS--GENERAL INFORMATION | |
| fixed length control field | 140415s1972 000 0 spa d |
| 041 ## - LANGUAGE CODE | |
| Language code of text/sound track or separate title | spa |
| 082 ## - DEWEY DECIMAL CLASSIFICATION NUMBER | |
| Classification number | 262 |
| Item number | RAT |
| 100 1# - MAIN ENTRY--PERSONAL NAME | |
| Personal name | Benedicto XVI, Papa,. |
| 245 13 - TITLE STATEMENT | |
| Title | EL NUEVO PUEBLO DE DIOS : |
| Remainder of title | ESQUEMAS PARA UNA ECLESIOLOGIA |
| 260 ## - PUBLICATION, DISTRIBUTION, ETC. | |
| Place of publication, distribution, etc. | [s.l.] : |
| Name of publisher, distributor, etc. | HERDER, |
| Date of publication, distribution, etc. | 1972 |
| 300 ## - PHYSICAL DESCRIPTION | |
| Extent | 470 |
| 490 ## - SERIES STATEMENT | |
| Series statement | BIBLIOTECA HERDER |
| Volume/sequential designation | 101 |
| 650 14 - SUBJECT ADDED ENTRY--TOPICAL TERM | |
| Topical term or geographic name entry element | IGLESIA |
| General subdivision | HISTORIA |
| Withdrawn status | Lost status | Source of classification or shelving scheme | Damaged status | Not for loan | Collection code | Home library | Current library | Shelving location | Date acquired | Source of acquisition | Inventory number | Total Checkouts | Total Renewals | Full call number | Barcode | Date last seen | Date last checked out | Price effective from | Koha item type |
|---|---|---|---|---|---|---|---|---|---|---|---|---|---|---|---|---|---|---|---|
| Dewey Decimal Classification | General | Biblioteca Karol Wojtyla | Biblioteca Karol Wojtyla | Sala general | 03/12/2013 | Compra | 151000000000000000056333 | 1 | 1 | 262 RAT | 683 | 05/01/2026 | 23/08/2022 | 03/12/2013 | Libro |